Psicoterapia : principios y técnicas /

שמור ב:
מידע ביבליוגרפי
מחבר ראשי: Nieto-Cardoso, Ezequiel (autor)
מחברים אחרים: Lafarga Corona, Juan (presentación) (presentación)
פורמט: ספר
שפה:ספרדית
יצא לאור: México : Pax, 1994, c1994
נושאים:
תגים: הוספת תג
אין תגיות, היה/י הראשונ/ה לתייג את הרשומה!

MARC

LEADER 00000nam^a2200000^a^4500
001 000265386
005 20250521000000.0
009 20260310110715.701
020 |a 968-860-493-3 
025 |a Donación Luis González Martínez, 1 ejemplar 
037 |a Acervo ITESO - Biblioteca 
041 |a ESP 
082 |a 616. 8914  |b NIE 
100 |a Nieto-Cardoso, Ezequiel  |e (autor) 
245 1 0 |a Psicoterapia :  |b principios y técnicas /  |c E. Nieto-Cardoso ; presen. de J. Lafarga Corona. 
264 4 |a México :  |b Pax,  |c 1994, c1994 
300 |a 175 p. 
336 |a texto  |b txt  |2 rdacontenido 
337 |a sin mediación  |b n  |2 rdamedio 
338 |a volumen  |b nc  |2 rdasoporte 
649 |a XX 
650 |a Psicoterapia 
650 |a Psicología Clínica 
700 |a Lafarga Corona, Juan  |e (presentación) 
910 |a Fondo Luis González Martínez 
920 |a Impresos - Libros 
930 |a Colección General 
905 |a 139 
901 |a 0500148182  |b IT1  |c ESP  |i D  |u 20250521 
902 |a https://opac.biblio.iteso.mx/vufind/Record/000265386